Culture Générale - Série 1880 - Statistiques

Statistiques générales
  • Ce quiz a été pris 98 fois
  • Le résultat moyen est 4 sur 10
Statistiques - réponses
Question Réponse % Correct
Dans quel département français se trouve la ville de Pau ? Pyrénées-Atlantiques
72%
Quelle est la capitale de la Géorgie ? Tbilissi
70%
Quel anglicisme désigne un film à sensations fortes ? thriller
66%
Quel écrivain prénommé Henri a écrit "Les semailles et les moissons" en 1953 ? Henri Troyat
46%
Le massif montagneux ancien de la Bretagne occidentale faisant partie du massif armoricain s'appelle : " les monts d'.... Arrée
43%
Dans la mythologie grecque, quel roi d'Athènes est le père de Thésée (vainqueur du minotaure) ? Egee
32%
Quel anglicisme désigne un bateau à vapeur ? steamer
32%
Quel animal d'Amérique du Sud qui vit sur les hauts plateaux de la cordillère des Andes est très apprécié pour sa laine ? voir photo vigogne
29%
Dans quel département français se trouve la ville de Mung ? Loiret
19%
En cuisine, comment appelle-t-on une aile de canard ? manchon
17%
Aucun quiz correspondant
Distribution des résultats
% des personnes avec chaque résultat
Percentile par nombre de réponses
Votre historique - résultats
Vous n’avez pas pris ce quiz